Standard Model of Physics Quiz - Statistics

General Stats
  • This quiz has been taken 190 times
  • The average score is 13 of 17
Answer Stats
Particles % Correct
Electron
92%
Down Quark
87%
Up Quark
87%
Strange Quark
83%
Tau
82%
Muon
81%
Charm Quark
80%
Higgs Boson
79%
Photon
77%
Bottom Quark
76%
Top Quark
76%
Gluon
73%
W Boson
71%
Z Boson
71%
Neutrino (Tau)
65%
Neutrino (Electron)
64%
Neutrino (Muon)
63%
No matching quizzes found
Score Distribution
Percent of People with Each Score
Percentile by Number Answered
Your Score History
You have not taken this quiz